[Event "Eschborn op"]
[Site "Eschborn"]
[Date "2019.08.18"]
[Round "5.34"]
[White "Saluvar, Buelent"]
[Black "Kress, Hans Joachim"]
[Result "0-1"]
[WhiteElo "1536"]
[BlackElo "1735"]
[PlyCount "68"]
[EventDate "2019.08.16"]
[EventType "swiss"]
[EventRounds "5"]
[EventCountry "GER"]
[SourceTitle "EXT 2024"]
[Source "ChessBase"]
[SourceDate "2023.10.10"]
[SourceVersion "1"]
[SourceVersionDate "2023.10.10"]
[SourceQuality "1"]

1. d4 Nf6 2. c4 g6 3. Nc3 Bg7 4. e4 d6 5. Be2 0-0 6. Bg5 h6 7. Be3 Kh7 8. Qd2 Nc6 9. f4 Ng4 10. Bxg4 Bxg4 11. h3 Bd7 12. Nf3 e5 13. fxe5 dxe5 14. d5 Nd4 15. 0-0-0 Nxf3 16. gxf3 f5 17. Qg2 f4 18. Bf2 a6 19. h4 b5 20. Rdg1 Rf6 21. c5 b4 22. Nd1 a5 23. Be1 Bf8 24. Qc2 Qe8 25. Kb1 Ba4 26. b3 Bb5 27. Rg2 a4 28. c6 axb3 29. axb3 Ra3 30. Rd2 Qa8 31. Qb2 Bd6 32. Nf2 Qa6 33. h5 g5 34. Rd1 Rf7 0-1

[Event "Hessen-chB"]
[Site "Frankfurt"]
[Date "2019.06.02"]
[Round "7"]
[White "Meyer, Marcel"]
[Black "Saluvar, Buelent"]
[Result "1-0"]
[WhiteElo "1820"]
[BlackElo "1692"]
[PlyCount "59"]
[EventDate "2019.05.30"]
[EventType "swiss"]
[EventRounds "7"]
[EventCountry "GER"]
[SourceTitle "EXT 2020"]
[Source "ChessBase"]
[SourceDate "2019.10.17"]
[SourceVersion "1"]
[SourceVersionDate "2019.10.17"]
[SourceQuality "1"]

1. d4 Nf6 2. c4 e6 3. Nc3 Bb4 4. Qc2 d5 5. Bg5 h6 6. Bh4 g5 7. Bg3 Ne4 8. e3 h5 9. h4 Bxc3+ 10. bxc3 Nxg3 11. fxg3 g4 12. cxd5 Qxd5 13. Ne2 f5 14. Nf4 Qe4 15. Qxe4 fxe4 16. Bc4 Rh6 17. 0-0-0 c6 18. Rhf1 b5 19. Bb3 a5 20. Bc2 Ba6 21. Bxe4 b4 22. Rf2 Rf6 23. Bg6+ Ke7 24. Bxh5 Kd6 25. Bxg4 Bc4 26. e4 e5 27. dxe5+ Kxe5 28. Nd3+ Bxd3 29. Rxf6 Bxe4 30. Re6# 1-0

[Event "Hessen-chB"]
[Site "Frankfurt"]
[Date "2019.05.31"]
[Round "4"]
[White "Saluvar, Buelent"]
[Black "Elpelt, Frank"]
[Result "1/2-1/2"]
[WhiteElo "1692"]
[BlackElo "1572"]
[PlyCount "78"]
[EventDate "2019.05.30"]
[EventType "swiss"]
[EventRounds "7"]
[EventCountry "GER"]
[SourceTitle "EXT 2020"]
[Source "ChessBase"]
[SourceDate "2019.10.17"]
[SourceVersion "1"]
[SourceVersionDate "2019.10.17"]
[SourceQuality "1"]

1. d4 d5 2. c4 c6 3. e3 Nf6 4. Nc3 e6 5. Nf3 Bd6 6. Bd3 0-0 7. b3 Nbd7 8. 0-0 dxc4 9. bxc4 b6 10. e4 Bb4 11. Qb3 Ba5 12. e5 Ne8 13. Qc2 h6 14. Rd1 Qc7 15. Ne4 c5 16. dxc5 Nxc5 17. Nxc5 Qxc5 18. a4 Bb7 19. Be3 Qc7 20. Be4 f6 21. Bxb7 Qxb7 22. Qg6 Qf7 23. Qg3 Kh7 24. c5 Bc3 25. Rac1 Bxe5 26. Nxe5 fxe5 27. c6 Nf6 28. Qxe5 Nd5 29. f3 Rac8 30. Bd4 Rc7 31. Re1 Re8 32. Qe4+ Kh8 33. Be5 Rcc8 34. Qh4 Kh7 35. Qe4+ Kh8 36. Qh4 Kh7 37. Qg3 Nb4 38. Rc4 Nxc6 39. h4 Nxe5 1/2-1/2

[Event "Hessen-chB"]
[Site "Frankfurt"]
[Date "2019.05.30"]
[Round "1"]
[White "Bahlo, Jens"]
[Black "Saluvar, Buelent"]
[Result "1/2-1/2"]
[WhiteElo "1915"]
[BlackElo "1692"]
[PlyCount "79"]
[EventDate "2019.05.30"]
[EventType "swiss"]
[EventRounds "7"]
[EventCountry "GER"]
[SourceTitle "EXT 2020"]
[Source "ChessBase"]
[SourceDate "2019.10.17"]
[SourceVersion "1"]
[SourceVersionDate "2019.10.17"]
[SourceQuality "1"]

1. e4 c5 2. d3 Nc6 3. f4 d5 4. Nc3 d4 5. Nce2 Nf6 6. Nf3 Qc7 7. c3 Bg4 8. Ng3 h5 9. Be2 h4 10. Nf5 Bxf3 11. Bxf3 e6 12. e5 Nd7 13. Nd6+ Bxd6 14. exd6 Qxd6 15. 0-0 0-0-0 16. c4 Ne7 17. b4 Nf5 18. bxc5 Nxc5 19. Re1 Ne3 20. Qd2 Rd7 21. Ba3 b6 22. Rab1 g5 23. fxg5 Rg8 24. Rb5 Rxg5 25. Reb1 Rc7 26. Qf2 Qe5 27. Qxh4 Qg7 28. R1b2 Nf5 29. Qf4 e5 30. Qd2 Nh4 31. Bd5 Rxg2+ 32. Qxg2 Nxg2 33. Rxg2 Qh7 34. Bxc5 Rxc5 35. Rxc5+ bxc5 36. Be4 Qh8 37. Rf2 Qg7+ 38. Kf1 f6 39. Rg2 Qf8 40. Bd5 1/2-1/2

[Event "Heusenstamm Sparkassen op-A 2nd"]
[Site "Heusenstamm"]
[Date "2015.11.26"]
[Round "1"]
[White "Saluvar, Buelent"]
[Black "Koellner, Christoph"]
[Result "0-1"]
[WhiteElo "1799"]
[BlackElo "2118"]
[PlyCount "88"]
[EventDate "2015.11.26"]
[EventType "swiss"]
[EventRounds "7"]
[EventCountry "GER"]
[SourceTitle "EXT 2018"]
[Source "ChessBase"]
[SourceDate "2017.10.13"]
[SourceVersion "1"]
[SourceVersionDate "2017.10.13"]
[SourceQuality "1"]

1. Nf3 Nf6 2. c4 d6 3. Nc3 e5 4. g3 Be7 5. Bg2 0-0 6. 0-0 c6 7. d4 Qc7 8. e4 Nbd7 9. b3 a5 10. Ba3 Re8 11. dxe5 dxe5 12. Bxe7 Rxe7 13. Qc2 Nc5 14. Nh4 Re8 15. Rad1 Bg4 16. f3 Be6 17. Rd2 Qb6 18. Kh1 a4 19. Nxa4 Nxa4 20. bxa4 Nd7 21. Rb1 Qc7 22. Nf5 Bxf5 23. exf5 Nc5 24. h4 f6 25. Kh2 Rxa4 26. h5 Qf7 27. g4 Qxc4 28. Qd1 Qf4+ 29. Kh3 Rd4 30. Rbb2 Red8 31. Rxd4 Qxd4 32. Qxd4 Rxd4 33. Kg3 h6 34. Bf1 Kf8 35. Be2 Ke7 36. Kf2 b5 37. Ke3 Kd6 38. Bxb5 cxb5 39. Rxb5 Rd3+ 40. Ke2 Ra3 41. Rb2 Kd5 42. Rd2+ Kc4 43. Rc2+ Kd4 44. f4 exf4 0-1

[Event "Karl Mala Memorial op-B 16th"]
[Site "Frankfurt"]
[Date "2013.07.11"]
[Round "1"]
[White "Lochmann, Tobias"]
[Black "Saluvar, Buelent"]
[Result "0-1"]
[WhiteElo "736"]
[BlackElo "1535"]
[PlyCount "38"]
[EventDate "2013.07.11"]
[EventType "swiss"]
[EventRounds "7"]
[EventCountry "GER"]
[SourceTitle "CBM 155 Extra"]
[Source "ChessBase"]
[SourceDate "2013.08.26"]
[SourceVersion "1"]
[SourceVersionDate "2013.08.26"]
[SourceQuality "1"]

1. e4 e6 2. Nc3 d5 3. f3 d4 4. Nce2 Bc5 5. Nh3 Nc6 6. d3 e5 7. f4 Bxh3 8. gxh3 Qh4+ 9. Ng3 exf4 10. Qf3 fxg3 11. hxg3 Qf6 12. Qe2 0-0-0 13. Bd2 Kb8 14. 0-0-0 Qe6 15. Bg2 Qxa2 16. Bg5 Qa1+ 17. Kd2 Bb4+ 18. c3 Bxc3+ 19. bxc3 Qxc3# 0-1